000 00490nam a2200193Ia 4500
008 151119s9999||||xx |||||||||||||| ||und||
082 _a891.463
082 _bGKKV2997
100 _aकाशीकर एस एम
245 _aअतृप्त
260 _a--
260 _b--
260 _c0
600 _aकाशीकर एस एम
630 _aअतृप्त
700 _aकाशीकर एस एम
730 _aअतृप्त
942 _cBOOK
999 _c1058762
_d1058759